Airlines at Shanghai Pudong (PVG) - Statistics

General Stats
  • This quiz has been taken 226 times
    106 since last reset
  • The average score is 45 of 88
Answer Stats
Answer % Correct
Air China
100%
Korean Air
89%
Air France
87%
China Eastern Airlines
87%
American Airlines
85%
China Southern Airlines
85%
Delta Air Lines
85%
Japan Airlines
85%
Lufthansa
85%
Cathay Pacific
83%
Singapore Airlines
83%
United Airlines
83%
All Nippon Airways
81%
China Airlines
81%
Emirates
81%
KLM
79%
Vietnam Airlines
79%
Asiana Airlines
77%
Etihad Airways
77%
Air Canada
74%
British Airways
74%
Hainan Airlines
74%
Malaysia Airlines
74%
Aeroflot
72%
Air New Zealand
72%
Garuda Indonesia
72%
Qatar Airways
72%
Turkish Airlines
70%
EVA Air
68%
Xiamenair
66%
AirAsia
64%
AirAsia X
64%
Finnair
64%
Philippines AirAsia
64%
Thai AirAsia
64%
Thai AirAsia X
64%
Ethiopian Airlines
62%
Philippine Airlines
62%
Swiss International Air Lines
62%
Shanghai Airlines
60%
Shenzhen Airlines
60%
Thai Airways International
60%
Sichuan Airlines
57%
Egyptair
55%
Austrian Airlines
53%
Hong Kong Airlines
53%
Spring Airlines
51%
Spring Airlines Japan
51%
Juneyao Air
49%
Air Macau
47%
Thai Lion Air
47%
Shandong Airlines
40%
Cebu Pacific
38%
Chengdu Airlines
38%
MIAT Mongolian Airlines
38%
Peach
38%
S7 Airlines
38%
Thai VietJet Air
38%
VietJet Air
38%
Gulf Air
36%
Jetstar Japan
36%
Tianjin Airlines
36%
Beijing Capital Airlines
34%
Chongqing Airlines
34%
Jin Air
32%
Lucky Air
30%
9 Air
28%
Kunming Airlines
28%
Dalian Airlines
26%
Mahan Air
23%
China United Airlines
21%
Qingdao Airlines
21%
Batik Air Malaysia
19%
Colorful Guizhou Airlines
19%
West Air
17%
Eastar Jet
15%
Suparna Airlines
15%
Uni Air
15%
China Express Airlines
13%
Donghai Airlines
13%
Hebei Airlines
13%
Loong Air
13%
Himalaya Airlines
11%
Maldivian
11%
Sky Angkor Airlines
11%
IrAero
6%
Qanot Sharq
6%
Royal Air Philippines
6%
No matching quizzes found
Score Distribution
Percent of People with Each Score
Percentile by Number Answered
Your Score History
You have not taken this quiz since the last reset